Kendi kendinin efendisi ol : (Record no. 13743)

MARC details
000 -BAŞLIK
Sabit Uzunlukta Kontrol Alanı 00868nam a2200265 4500
999 ## - SİSTEM KONTROL NUMARALARI (KOHA)
Koha Biblionumber 13743
Koha Biblioitemnumber 13743
003 - KONTROL NUMARASI IDENTIFIER
Denetim Alanı MIRAKIL
005 - SON İŞLEM TARİHİ VE ZAMANI
Denetim Alanı 20200129121608.0
008 - SABİT-BOY VERİ ELEMANLARI - GENEL BİLGİLER
Sabit Uzunlukta Kontrol Alanı 200129b tu ||||| |||| 00| 0 tur d
020 ## - ULUSLARARASI STANDART KİTAP NUMARASI
Uluslararası Standart Kitap Numarası 9786050303322
040 ## - KATALOGLAMA KAYNAK
Orijinal Kataloglama Ajansı TR-AnCHP
Metne Dönüştürmek Ajansı TR-AnCHP
041 ## - DİL KODU
Metin / Ses Parça Veya Ayrı Başlığın Dil Kodu tur
082 ## - DEWEY ONLU SINIFLANDIRMA NUMARASI
Sınıflandırma Numarası 158.1
Ürün Numarası K74k 2017
100 ## - ANA GİRİŞ - KİŞİSEL İSİM
Kişisel Ad Köken, Yusuf Yüksel
245 10 - BAŞLIK TABLOSU
Başlık Kendi kendinin efendisi ol :
Başlığın Kalan adım adım olumlu düşünce/
Sorumluluk Tablosu, Vb Yusuf Yüksel Köken ; editör: Alaeddin Usta
246 ## - UNVAN FORM VARYING
Başlık Doğru / Kısa Başlığı adım adım olumlu düşünce
260 ## - YAYIN, DAĞITIM, VB
Yayın, Dağıtım, Vb Yeri Ankara:
Yayıncı, Dağıtıcı, Vs Adı [yayl.y.],
Yayın, Dağıtım, Vb Tarihi 2017.
Üretici Firma Başak Matbaacılık.
300 ## - FİZİKSEL TANIM
Kapsam 441 s.:
Boyutlar 22 sm.
500 ## - GENEL NOT
Genel Not Yapıt yazarından imzalıdır.
504 ## - KAYNAKÇA VB NOT
Kaynakça Vb Notu Kaynakça vardır.
650 #0 - KONU KATMA GİRİŞ - TOPİKAL DÖNEM
9 (RLIN) 6253
Topikal Süreli Veya Coğrafi Ad Giriş Elemanı Kişisel gelişim
650 #0 - KONU KATMA GİRİŞ - TOPİKAL DÖNEM
9 (RLIN) 6254
Topikal Süreli Veya Coğrafi Ad Giriş Elemanı Olumlu düşünce
Genel Alt Bölümü Mutluluk
700 1# - KATMA GİRİŞ - KİŞİSEL İSİM
9 (RLIN) 3844
Kişisel Ad Usta, Alaeddin
Relator Terim ed.
740 ## - KATMA GİRİŞ - KONTROLSUZ İLGİLİ / ANALİTİK BAŞLIK
Kontrol Edilmeyen / İlgili Analitik Başlıktaki adım adım olumlu düşünce
942 ## - EKLENDİ GİRİŞ ELEMANLARI (KOHA)
Sınıflandırma Veya Raf Düzeni Kaynak Dewey Decimal Classification
Koha Öğesi Türü Books
Holdings
Kalıcı Konum Mevcut Konum Edinme Tarihi Edinim Kaynak Toplam Check-Out'Lar Tam Çağrı Numarası Barkod Tarih Son Görülme İtibaren Geçerli Fiyatlar Koha Öğesi Türü
CHP Kütüphanesi CHP Kütüphanesi 01/29/2020 Bağış   158.1 K74k 2017 013526 01/29/2020 01/29/2020 Books